00531nam a22001697a 450000500170000001000150001702000260003203500130005803700130007108200110008424500960009526000330019127000680022430000240029250000190031670000260033520141204164506.0 aENG-111145 c795.00a9789382420477 aEN-94677 bDBAD/PUB a230.35 aDasanami Naga Sannyasi in worldly and soldierly activites /cedited by Ananda Bhattacharyya aNew DelhibKunal Booksc2014 bNew Delhie110002a4648/21, First Floor, Ansari Road, Daryaganj avii,196p.c23cm(Hb) aIncludes index aBhattacharyya, Ananda